Представление документа в формате MARC21

Поле Инд. ПП Название Значение
Тип записи a
Библиографический уровень m
001 Контрольный номер RU/LIBMSTU/356111527
005 Дата корректировки 20230503121930.1
008 Кодируемые данные 110414|||||||||ru |||||||||||000|||rus||
020 a ISBN 978-5-86185-602-7
c Цена, тираж 164-09
040 b Код языка каталог. rus
041 0_ a Код языка текста rus
084 a Индекс другой классификации/Индекс ББК 95+60.84+76.006.5
090 a Полочн. индекс 95
x Авторский знак М 91
110 2_ a Организация/ юрисдикция Мурманский государственный технический университет
245 10 a Заглавие PR, бизнес, СМИ - проблемы взаимодействия
b Продолж. заглавия сб. материалов Всерос. науч.-практ. конф., 25 нояб. 2010 г., г. Мурманск
c Ответственность Федер. агентство по рыболовству, ФГОУ ВПО "Мурман. гос. техн. ун-т" ; [отв. ред. И. Ю. Савельева]
260 a Место издания Мурманск
b Издательство МГТУ
c Дата издания 2011
300 a Объем 139 с.
500 a Примечание Имеется электрон. аналог 2011 г.
650 04 a Основная рубрика Связи с общественностью-Сборники
650 14 a Основная рубрика Средства массовой информации-Сборники
653 0_ a Ключевые слова Бизнес и общество
a Ключевые слова Имидж организаций
a Ключевые слова Конференции Всероссийские
a Ключевые слова Корпоративная культура
a Ключевые слова Несовершеннолетние
a Ключевые слова Паблик рилейшнз
a Ключевые слова Реклама
a Ключевые слова Речевая культура
a Ключевые слова Связи с общественностью
a Ключевые слова Социальная политика
a Ключевые слова Социальное партнерство
a Ключевые слова Средства массовой информации
700 1_ a Другие авторы Савельева И. Ю.
e Роль лиц ред.
901 t Тип документа m